[Event "Budapest Spring op 13th"]
[Site "Budapest"]
[Date "1997.??.??"]
[Round "4"]
[White "Yevdosjuk, Oleg"]
[Black "Mueller, Friedrich"]
[Result "0-1"]
[WhiteElo "2105"]
[BlackElo "2295"]
[PlyCount "40"]
[EventDate "1997.03.??"]
[EventType "swiss"]
[EventRounds "9"]
[EventCountry "HUN"]
[SourceTitle "EXT 1998"]
[Source "ChessBase"]
[SourceDate "1997.11.17"]
[SourceVersion "1"]
[SourceVersionDate "1997.11.17"]
[SourceQuality "1"]

1. d4 Nf6 2. c4 c5 3. d5 g6 4. Nc3 Bg7 5. e4 d6 6. Nf3 0-0 7. h3 e5 8. dxe6 Bxe6 9. Bd3 Nc6 10. 0-0 Re8 11. Re1 Nd7 12. Qd2 Nde5 13. Nxe5 Nxe5 14. Qe2 Qh4 15. Be3 Bxh3 16. gxh3 Qxh3 17. f4 Qg3+ 18. Qg2 Qxg2+ 19. Kxg2 Nxd3 20. Re2 Nxb2 0-1